Регионална библиотека "Любен Каравелов" - Русе

Да кажеш всичко (Запис номер 114560)

MARC детайли
000 -Лидер
Контролно поле с фиксирана дължина 01484nam a2200325 c 4500
003 - Код на организацията, давaща контролен номер
Контролно поле BLK
005 - Дата и час на последна редакция
Контролно поле 20240603091848.0
008 - Елементи от данни с фиксирана дължина
fixed length control field 180409b bul|||||r ||||||| ||bul||
010 ## - Наследен системен номер
LC control number KNG00119991000
040 ## - Източник на каталожния запис
Идентификатор на билиотеката - собственик на записа BLK
041 ## - Код за език
Код за езика на текст/звукозапис или на отделно заглавие Български
Код за езика КДБФ Български
080 ## - УДК
Текстов определител УДК Френска литература
УДК код - определител по УДК 821.133.1
УДК определител -1
УДК - код + определител 821.133.1-1
100 1# - Редна дума - Автор
Автор Елюар, Пол
Авторска отговорност първи автор
R(LIN) 67096
139 ## - Редно поле
Редна дума Елюар, Пол
Авторски знак Елц - Е 56
245 10 - Сведения за заглавието
Заглавие Да кажеш всичко
Подзаглавни данни Избрани стихотворения
Редно поле (дума) Пол Елюар; състав. Пенчо Симов; прев. от фр. Андрей Борисов Манолов; с предг. от Симеон Дончев Хаджикосев.
257 ## - Страна на издаване
Страна на създаване/издаване България
260 ## - Област на издателските данни
-- София
Име на издателя, разпространителя и проч. Нар. култура
Година на издаване 1981
300 ## - Физическа характеристика
Страници 292 с.
Илюстрации и др. с ил.
Размери/Мащаб 19 см
380 ## - Жанр
Жанр Худож. лит.
500 ## - Общи забележки
Забележка Други прев.: В. Сотиров, Ив. Бориславов, П. Симов, Р. Москова. - 6 125 тир.
700 1# - Други автори (авторска отговорност)
Лично име Симов, Пенчо
Автороска отговорност (Описва отношението между автора и произведението) състав.
9 (RLIN) 367013
700 ## - Други автори (авторска отговорност)
Лично име Манолов, Андрей Борисов
Дати, свързани с автора 1951
Друга информация Преводач от френски език.
9 (RLIN) 263553
700 1# - Други автори (авторска отговорност)
Лично име Хаджикосев, Симеон Дончев
Автороска отговорност (Описва отношението между автора и произведението) с предг. от
9 (RLIN) 363366
852 ## - Местоположение
Форматна сигнатура Цб 112123
856 4# - Електронен адрес и достъп
Електронен формат pdf - файл
Път до файла /url/
856 4# - Електронен адрес и достъп
Електронен формат pdf - файл
Път до файла /url/
942 ## - АРТИКУЛИ
Вид на библиотечния материал Книги
Скрит в OPAC Не
944 ## - СЪЗДАВАНЕ И РЕДАКЦИЯ на ЗАПИСА
Създаване/Редакция Създаване
Дата на регистрацията/редакция 19.10.2016
Служител, извършил регистрацията/редакцията 30560
Статус, дата на статуса Геновева Генчева
944 ## - СЪЗДАВАНЕ И РЕДАКЦИЯ на ЗАПИСА
Създаване/Редакция Редакция
Дата на регистрацията/редакция 19.10.2016
Служител, извършил регистрацията/редакцията Любка_Николова
999 ## - СИСТЕМНИ КОНТРОЛНИ НОМЕРА
Koha biblionumber 114560
Koha biblioitemnumber 114560
Наличности
Код за отписване Код за изгубен артикул Източник на класификационната схема Код за повреда Коз за рестрикции Код за отдаване Артикулен № Име на библиотеката - собственик Име на библиотеката, в която се намира в момента Статус (Текущо местоположение) Дата на вписване в системата Местоположение - отдел Цена в лева Инвентарен номер Систематично азбучна сигнатура Баркод Номер на екземпляра Цена в евро Служебна бележка Служебен тип на артикула
Изтеглен Не е изгубен Universal Decimal Classification Не е повреден без рестрикции заемане за дома 183760 Регионална библиотека "Любен Каравелов" Русе Регионална библиотека "Любен Каравелов" Русе Заемна - подръчен фонд 1981-01-01 Заемна - подръчен фонд 1.57 342127 П 840-1/Е 56 342127 1 0.80 Вид: Сф N: стар фонд Дата: 01.01.1981 Дата инв: 12.02.2018 Бележки инв: П2018 Книги
Изтеглен Не е изгубен Universal Decimal Classification Не е повреден без рестрикции заемане за дома 183761 Регионална библиотека "Любен Каравелов" Русе Регионална библиотека "Любен Каравелов" Русе Заемна - подръчен фонд 1981-01-01 Заемна - подръчен фонд 1.57 342133 П 840-1/Е 56 342133 2 0.80 Вид: Сф N: стар фонд Дата: 01.01.1981 Книги
  Не е изгубен Universal Decimal Classification Не е повреден само за читалня ползва се в читалня 779395 Регионална библиотека "Любен Каравелов" Русе Регионална библиотека "Любен Каравелов" Русе Хранилище 2020-06-27 Хранилище 1.57 341782 Цб 112123 900000020822   0.80   Книги
Vip Innovations Ltd, Rousse, Bulgaria 2025